| 000 | 00412nam a22001697a 4500 | ||
|---|---|---|---|
| 003 | NUST - PNEC | ||
| 005 | 20170116181035.0 | ||
| 008 | 150903b xxu||||| |||| 00| 0 eng d | ||
| 020 | _a0333436644 | ||
| 040 | _cLIBRARY | ||
| 082 | _a621.4021 BOX | ||
| 100 |
_97353 _a Boxer, G. |
||
| 245 |
_aWork out fluid mechanics _cG. Boxer |
||
| 260 | _cc.1987 | ||
| 650 |
_911324 _aThermodynamics _xME |
||
| 942 |
_2ddc _cBK |
||
| 999 |
_c67885 _d67885 |
||